Liquidació a subhasta d'una gran col·lecció d'art : venda total i definitiva venda total i definitiva
Descripción Física:
1 full ; 23'5 x 16 cm
Idioma:
Catalán
MARC
| LEADER | 00000nam a2200000 a 4500 | ||
|---|---|---|---|
| 001 | 24927 | ||
| 003 | AGDB | ||
| 005 | 20260324181544.0 | ||
| 008 | 260115b spa||||| |||| 00| 0 cat d | ||
| 040 | |a agdb |b cat | ||
| 041 | |a cat | ||
| 110 | |a Sala Parés |9 72861 |e institució d'acollida | ||
| 245 | |a Liquidació a subhasta d'una gran col·lecció d'art : |b venda total i definitiva | ||
| 260 | |a Barcelona : |b Sala Parés, |c 1930 | ||
| 300 | |a 1 full ; |c 23'5 x 16 cm | ||
| 500 | |a Prové del fons Joan Junyer i Pascual (1909-1994) | ||
| 500 | |a Full informatiu de la subhasta celebrada a la Sala Parés, Barcelona, del 10 al 13 de febrer de 1930. Les obres es van exposar els dies previs (7, 8 i 9 de febrer de 1930) | ||
| 650 | |a Fons Joan Junyer i Pascual (1909-1994) |9 72777 | ||
| 650 | 0 | |a Subhastes d'art |2 Arxiu |9 41643 | |
| 942 | |2 udc |c ARXIU |n 1 | ||
| 952 | |0 0 |1 0 |2 udc |4 0 |6 F504362 |7 1 |9 98957 |a Arxiu |b Arxiu |d 2026-01-15 |l 0 |o F-504-362 |p 24927 |r 2026-01-15 13:12:42 |w 2026-01-15 |y ARXIU |z Exemplar en mal estat de conservació | ||
| 999 | |c 130625 |d 130625 | ||